Colonialism and Modern social theory (Record no. 1309071)
[ view plain ]
| 000 -LEADER | |
|---|---|
| fixed length control field | 01293nam a2200229 4500 |
| 005 - DATE AND TIME OF LATEST TRANSACTION | |
| control field | 20250417101857.0 |
| 008 - FIXED-LENGTH DATA ELEMENTS--GENERAL INFORMATION | |
| fixed length control field | 250417b |||||||| |||| 00| 0 eng d |
| 020 ## - INTERNATIONAL STANDARD BOOK NUMBER | |
| International Standard Book Number | 9781509541300 |
| 037 ## - SOURCE OF ACQUISITION | |
| Terms of availability | Textual |
| 040 ## - CATALOGING SOURCE | |
| Original cataloging agency | RTL |
| Transcribing agency | RTL |
| 084 ## - COLON CLASSIFICATION NUMBER | |
| Classification number | W:77 R1 |
| Assigning agency | RTL |
| 100 ## - MAIN ENTRY--PERSONAL NAME | |
| Personal name | Bhambra, Gurminder K. |
| 9 (RLIN) | 324486 |
| 245 ## - TITLE STATEMENT | |
| Title | Colonialism and Modern social theory |
| 260 ## - PUBLICATION, DISTRIBUTION, ETC. | |
| Place of publication, distribution, etc. | Medford |
| Name of publisher, distributor, etc. | Polity press |
| Date of publication, distribution, etc. | 2021 |
| 300 ## - PHYSICAL DESCRIPTION | |
| Extent | vii, 257 p. |
| Other physical details | Includes bibliographical reference and index |
| 520 ## - SUMMARY, ETC. | |
| Summary, etc. | Modern society emerged in the context of European colonialism and empire. So, too, did a distinctively modern social theory, laying the basis for most social theorizing ever since. Yet colonialism and empire are absent from the conceptual understandings of modern society, which are organized instead around ideas of nation state and capitalist economy. Gurminder K. Bhambra and John Holmwood address this absence by examining the role of colonialism in the development of modern society and the legacies it has bequeathed. |
| 650 ## - SUBJECT ADDED ENTRY--TOPICAL TERM | |
| Topical term or geographic name entry element | Sociology philosophy |
| 9 (RLIN) | 131872 |
| 650 ## - SUBJECT ADDED ENTRY--TOPICAL TERM | |
| Topical term or geographic name entry element | Politics and government |
| 9 (RLIN) | 580034 |
| 650 ## - SUBJECT ADDED ENTRY--TOPICAL TERM | |
| Topical term or geographic name entry element | Europe colonies historiography |
| 9 (RLIN) | 752194 |
| 700 ## - ADDED ENTRY--PERSONAL NAME | |
| Personal name | Holmwood, John |
| Relator term | Co-author |
| 9 (RLIN) | 132055 |
| 942 ## - ADDED ENTRY ELEMENTS (KOHA) | |
| Source of classification or shelving scheme | Colon Classification (CC) |
| Suppress in OPAC | No |
| Koha item type | Textbook |
| Classification part | W:77 R1 |
| Withdrawn status | Lost status | Source of classification or shelving scheme | Damaged status | Not for loan | Home library | Current library | Date acquired | Total Checkouts | Full call number | Barcode | Date last seen | Price effective from | Koha item type |
|---|---|---|---|---|---|---|---|---|---|---|---|---|---|
| Colon Classification (CC) | Ratan Tata Library | Ratan Tata Library | 2025-04-17 | W:77 R1 | RT1528343 | 2025-04-17 | 2025-04-17 | Textbook |
